000 00791nam a22002177a 4500
999 _c14281
_d14281
003 MIRAKIL
005 20201210115956.0
008 201210b tu ||||| |||| 00| 0 tur d
040 _aTR-AnCHP
_btur
_cTR-AnCHP
082 _aATA 379.561092
_bA72 1981
245 _aAtatürk ve eğitim/
_cyayına hazırlayan Nizamettin Koç
260 _aAnkara:
_bTürk Eğitim Derneği,
_c1981.
300 _a453 s.:
_c19 sm.
490 0 _aTürk Eğitim Derneği;
_aBilim Dizisi;
_vNo:5.
504 _aBibliyografik bilgi var.
600 _aAtatürk, Mustafa Kemal
_d1881-1938
_xEğitim
650 _aEğitim
_xTarih
_y20. yüzyıl
_zTürkiye
700 _aKoç, Nizamettin
_96636
_eyay. haz.
856 _zDijital Nüshası için Partimizin Kütüphane Sorumlusu ile iletişime geçiniz.
942 _2ddc
_cBKS